000 00712nam a22002417a 4500
999 _c33511
_d33511
001 2759
003 CO-MdFUSB
005 20180622073123.0
008 171120t1976 xxu||||| |||| 00| 0 eng d
020 _a0-87680-841-0
040 _aCO-MdFUSB
_bspa
_cCO-MdFUSB
_dCO-MdFUSBC
_erda
041 0 _aeng
082 0 4 _aG 226.3 S812e
100 1 _aStedman, Ray C.
_eautor
245 1 0 _aExpository studies in Mark 1-8
_b : The servant who rules
_c/ Ray C. Stedman
264 4 _aWaco, TX., USA :
_b Word,
_c©1976
300 _a223 Pag
336 _2rdacontent
_atexto
_btxt
337 _2rdamedia
_asin mediación
_bn
338 _2rdacarrier
_avolumen
_bnc
653 _aBiblia N.T. - Marcos - Comentarios
942 _cBK